000 00753nam a22002531 4500
001 25315
003 BD-RjUL
005 20211209050848.0
008 140318s1956 nyu b 000 0 eng
035 _a(BD-RjUL)25384
035 _a(OCoLC)1101267
040 _aDLC
_cTxU-Da
_dOCoLC
_dDLC
_dBD-RjUL
_beng
041 _aeng
082 0 0 _a973.913092
_bWIL 1956
245 1 4 _aThe Wilson reader /
_cSelected and edited by Frances Farmer.
260 _aNew York :
_bOceana Publications,
_c1956.
300 _a286 p. ;
_c18 cm.
490 0 _aDocket series,
_vv. 4
504 _aBibliography: p. 277-279. "Books by Woodrow Wilson": p. 280 and index.
650 0 _a Biografias
_977842
942 _2ddc
_cBK
999 _c25315
_d25315